[Event "Stay Safe Play From Home 193"]
[Site "T#646517Emanuel Laske"]
[Date "2020.06.02"]
[Round "7"]
[White "Scorpio New"]
[Black "Fish4Life"]
[Result "0-1"]
[WhiteElo "2154"]
[BlackElo "1927"]
[Annotator "TA"]
[PlyCount "84"]
[EventDate "2020.06.02"]
[EventType "swiss (blitz)"]

{[%evp 9,83,-43,-51,-61,-37,-83,-50,-50,-36,-41,-37,-111,-33,-83,-81,-139,-146,-339,-331,-258,-215,-329,-245,-333,-290,-342,-289,-280,-253,-374,-359,-373,-344,-460,-466,-432,-452,-384,-222,-216,-202,-378,-35,-272,13,-339,-347,-394,-331,-412,-408,-786,-735,-990,-747,-741,-741,-736,-733,-905,-906,-1171,-964,-1171,-1079,-1156,-1186,-1264,-1077,-2522,-2477,-1956,-2087,-1622,-1193,-29999]} 1. d3 d5 2. Nd2 e5 3. c3 c6 4. Qc2 f5 5. e4 Bd6 6. Ngf3 {A00: Irregular Openings.} Nf6 {[#]} 7. g3 $146 ({Predecessor:} 7. Be2 O-O 8. O-O Qc7 9. Re1 Kh8 10. a3 Be6 11. b4 Nbd7 12. Bb2 Rae8 13. Rac1 Qb8 14. Qb1 b5 15. Bd1 {0-1 (47) Keda,P-Karpovich,A Kiev 2000}) 7... O-O 8. Bg2 $1 {Black is slightly better.} Qe8 9. O-O Qh5 10. Qd1 (10. c4 $15) 10... f4 ({But not} 10... dxe4 $6 11. dxe4 fxe4 12. Ng5 $11) ({Black should try} 10... fxe4 $17 11. dxe4 Bg4 12. exd5 cxd5) 11. Nh4 {White wants to play Qxh5.} Bg4 $36 {[%mdl 2048] Black is on the roll.} 12. f3 (12. Ndf3 $142) 12... Bd7 13. Nf5 $2 {[#]} (13. Qe1 $17) 13... Bxf5 $19 14. exf5 Qxf5 15. g4 (15. gxf4 {was necessary.} Nbd7 16. Kh1) 15... Qg6 16. h3 Nbd7 17. Qe2 Bc5+ 18. Kh1 Rae8 19. Nb3 (19. b4 {might work better.} Be3 20. Nb3) 19... Bb6 20. a4 a5 21. d4 exd4 22. Qd1 dxc3 {Threatens to win with ...c2.} 23. bxc3 Nc5 (23... h5 $142 24. Nd4 hxg4 25. fxg4 Ne4) 24. Nxc5 Bxc5 25. Ba3 $2 (25. Bxf4 {was the only chance.} Nd7 26. Bg3) 25... Bb6 $2 ({Black should play} 25... Nd7 $19 {And now ...Re3 would win.} 26. Bxc5 Nxc5) 26. c4 $2 ({Better is} 26. Bxf8 $15 Kxf8 27. Rb1) 26... Re3 $2 ({Weaker is} 26... dxc4 27. Bxf8 Rxf8 28. Qc1 $17) (26... Rf7 $19 27. Qb3 Be3 28. cxd5 Nxd5) 27. c5 $2 {[%mdl 8192]} (27. Bxf8 $11 {and White stays safe.} Kxf8 28. Rb1) 27... Bc7 28. Bc1 Rfe8 29. Bxe3 fxe3 ({Worse is} 29... Rxe3 30. Rb1 $11) 30. Qd4 (30. Ra2 $142) 30... Be5 31. Qd1 {[#]} e2 $1 {[%mdl 512]} 32. Qxe2 Bxa1 33. Qf2 Be5 34. f4 Bc7 35. f5 Qf7 36. Re1 Ne4 37. Bxe4 dxe4 38. Qe3 Qe7 39. Kg2 Qe5 40. Kf1 Qh2 41. Qf2 Qxh3+ 42. Ke2 Qd3# {Accuracy: White = 16%, Black = 45%.} 0-1

[Event "Stay Safe Play From Home 193"]
[Site "T#646517Emanuel Laske"]
[Date "2020.06.02"]
[Round "7"]
[White "SoulofWolf"]
[Black "Rogan"]
[Result "1-0"]
[WhiteElo "2130"]
[BlackElo "2229"]
[Annotator "TA"]
[PlyCount "115"]
[EventDate "2020.06.02"]
[EventType "swiss (blitz)"]

{[%evp 9,115,-20,0,8,32,28,65,-13,-15,-10,-12,-5,-12,-16,8,5,15,15,13,16,14,6,18,0,38,24,23,20,52,55,57,0,0,0,0,0,11,-17,0,0,31,33,40,0,0,0,0,0,48,53,76,31,129,129,155,154,140,31,31,30,133,0,0,-117,0,0,153,131,233,87,359,275,223,24,364,77,1406,68,68,68,68,68,2257,2314,29960,6303,29991,29992,29992,29990,29990,29990,29991,29992,29993,29994,29994,29995,29995,29995,29999,29997,29998,29996,29996,29996,29996,29997]} 1. d4 d5 2. Nf3 c6 3. Bg5 Qb6 4. b3 Bg4 {[#]} 5. h3 $146 ({Predecessor:} 5. Nbd2 Nd7 6. h3 Bh5 7. e3 e5 8. Be2 Bxf3 9. Nxf3 Bb4+ 10. Kf1 exd4 11. Qxd4 Ngf6 12. Bxf6 Nxf6 13. Qe5+ {½-½ (13) Matjushin,G (2489)-Sitnikov,A (2470) Donetsk 2010}) 5... Bh5 6. e3 {D00: 1 d4 d5: Unusual lines.} Nd7 7. Be2 e5 8. dxe5 (8. Nxe5 $14 Bxe2 9. Qxe2) 8... Bxf3 $11 9. Bxf3 Nxe5 10. O-O Be7 11. Bf4 Ng6 12. Bg3 Bf6 13. c3 N8e7 14. Qc2 O-O 15. Nd2 Rfe8 16. Rac1 Qa5 17. c4 Rad8 18. Rfd1 d4 19. Ne4 dxe3 $1 20. Nxf6+ ({White should play} 20. Nd6 $1 $14) 20... gxf6 21. fxe3 Qg5 22. Bf2 Nf5 23. e4 Rxd1+ 24. Rxd1 Ne3 25. Bxe3 $1 Qxe3+ 26. Kh1 Ne5 27. Qd2 $36 {[%mdl 2048] White is pushing.} Qb6 28. Qf4 c5 29. Rd5 Ng6 30. Qg3 Qe6 (30... Qa5 $14) 31. h4 Kh8 32. h5 Ne5 33. Be2 (33. h6 $16 {[%csl Gh6][%cal Rg3g7]} Ng6 34. Qc7 (34. Rxc5 Qe7 $16)) 33... Rg8 34. Qh2 Ng4 (34... b6 $11) 35. Bxg4 (35. Qf4 $16) 35... Qxg4 $16 {[%mdl 4096] Endgame KQR-KQR} 36. Rf5 (36. Qh3 $11 {keeps the balance.}) 36... Qd1+ (36... Qxe4 $17 37. Rf1 h6) 37. Qg1 $11 Qxg1+ (37... Qg4 $11 {remains equal.}) 38. Kxg1 {KR-KR} Kg7 (38... b6 $16) 39. Kf2 (39. Rxc5 $18 {aiming for Rc7.} a6 40. a4) 39... Kf8 $2 {[%mdl 8192] [#]} (39... Rc8 $16) 40. Kf3 ({Not} 40. Rxf6 Rg5 $16) 40... Ke7 41. g4 $2 (41. Rxc5 $18 {Hoping for Rc7+.} Kd7 42. Rd5+ Ke6 43. g4) 41... Rg5 $2 {[%mdl 8192]} (41... b6 $11 {and Black stays safe.}) 42. Rd5 $2 (42. Kf4 $18 {and the rest is easy.}) 42... Rxd5 $4 {[%mdl 8192]} (42... b6 $16) 43. cxd5 $2 $16 {KP-KP} (43. exd5 $18 f5 44. g5) 43... Kd6 $14 44. Kf4 {[#] Strongly threatening a4.} b5 45. Ke3 c4 $2 {[%mdl 8192]} (45... a6 $14) 46. bxc4 $18 Ke5 47. c5 f5 48. gxf5 {White mates.} Kf6 49. c6 Ke7 50. Kd4 Kd8 51. e5 Kc8 52. d6 a6 53. Kc5 Kd8 54. c7+ Ke8 55. Kc6 {[%cal Rc7c8]} Kf8 56. d7 Kg7 57. c8=Q Kh6 58. Qg8 {Accuracy: White = 66%, Black = 48%.} 1-0

[Event "Stay Safe Play From Home 193"]
[Site "T#646517Emanuel Laske"]
[Date "2020.06.02"]
[Round "7"]
[White "Bellbox"]
[Black "Broken sword"]
[Result "0-1"]
[WhiteElo "2096"]
[BlackElo "2533"]
[Annotator "TA"]
[PlyCount "116"]
[EventDate "2020.06.02"]
[EventType "swiss (blitz)"]

{[%evp 9,115,20,45,20,26,17,15,0,0,0,0,0,-5,-10,-2,-22,8,-101,-37,-29,-18,-97,-98,-99,-97,-262,-156,-919,-208,-690,-419,-419,-410,-399,-204,-401,-207,-208,-184,-269,-267,-531,-526,-533,-529,-519,-527,-531,-527,-512,-516,-707,-703,-823,-810,-917,-914,-1056,-1051,-1024,-1019,-988,-975,-1361,-1293,-1471,-1448,-1472,-1127,-1324,-1268,-1867,-1653,-29982,-5785,-29977,-29978,-29979,-29980,-29983,-29984,-29984,-29985,-29986,-29987,-29987,-29988,-29989,-29990,-29990,-29991,-29991,-29992,-29992,-29993,-29993,-29994,-29995,-29996,-29996,-29996,-29996,-29997,-29997,-29998,-29999,-29999,-29999]} 1. e4 c6 2. d3 d5 3. Nd2 Nf6 4. Ngf3 dxe4 5. dxe4 Bg4 6. Bd3 {B10: Caro-Kann: 2 d3 and 2 c4.} (6. e5 {is interesting.} Nd5 7. h3 Bh5 8. c4 Nf4 9. Qb3) 6... Nbd7 7. h3 Bh5 8. g4 {The position is equal.} Bg6 9. Qe2 e6 {[#]} 10. O-O $146 ({Predecessor:} 10. Nb3 Qc7 11. Bd2 Nc5 12. Nxc5 Bxc5 13. Bc3 Qf4 14. Be5 Qh6 15. g5 Qh5 16. gxf6 gxf6 17. Bxf6 O-O {½-½ (17) Aleksic,N (2261)-Nikac,P (2316) Montenegro 2017}) 10... Be7 11. a4 Qc7 12. Nc4 Nc5 13. e5 (13. Nfe5 $1 $11) 13... Nd5 ({Better is} 13... Nxd3 $17 14. cxd3 Nd5) 14. Bxg6 $1 $15 hxg6 15. Rd1 (15. Ng5 $11 {remains equal.}) 15... Rxh3 $17 16. Kg2 Rh7 17. Bg5 $2 (17. Ng5 $17 Rh4 18. Rd4) 17... O-O-O ({Black should try} 17... Bxg5 $19 18. Rxd5 exd5 19. Nxg5 Ne6 20. Nxe6 (20. Nd6+ $2 Kd7 $19) 20... fxe6 21. Nd6+ Kf8) 18. Bxe7 $2 {Now White is beyond hope.} (18. Bd2 $17) 18... Qxe7 $2 ({Wrong is} 18... Nxe7 $2 19. Rxd8+ Qxd8 20. Nd6+ Kb8 21. Nxf7 $18) (18... Nf4+ 19. Kf1 Rh1+ 20. Ng1 {[#]} Rxg1+ $1 {[%mdl 512]} 21. Kxg1 Nxe2+ 22. Kf1 Qxe7 23. Kxe2 Qg5 24. Rxd8+ Kxd8 25. Rd1+ Kc7) 19. Nd6+ $2 (19. Rd4) 19... Qxd6 20. exd6 Nf4+ {[%mdl 64] [#] Double Attack} 21. Kf1 Rh1+ (21... Nxe2 $2 22. Kxe2 f6 23. Ke3 $19) 22. Ng1 Nxe2 (22... Rxg1+ $142 23. Kxg1 Nxe2+ 24. Kg2 e5) 23. Kxe2 $19 Ne4 24. Ke3 (24. Nf3 {was necessary.} Rxd1 25. Rxd1) 24... Nxd6 25. Nf3 $2 (25. Kf3) 25... Nc4+ 26. Ke2 {Black must now prevent Rxd8+.} Rhxd1 27. Rxd1 Rxd1 28. Kxd1 Nxb2+ {[%mdl 4160] Endgame Double Attack. KN-KN} 29. Kd2 f6 30. Kc3 Nd1+ 31. Kb4 Nxf2 32. g5 Ne4 33. gxf6 gxf6 34. Kc4 Kd7 35. Kd4 Nd6 36. c4 e5+ 37. Kc3 Ke6 38. Nd2 Nf5 39. Ne4 b6 40. a5 Nd6 41. axb6 axb6 (41... Nxe4+ $142 42. Kb3 axb6 43. Kc2 g5 44. Kd3 f5 45. Ke3 Nc5 46. Kf2 g4 47. Kg1 e4 48. Kf1 f4 49. Ke2 Nd3 50. Kd2 g3 51. c5 g2 52. Kd1 g1=Q+ {[%mdl 64] Double Attack} 53. Kc2 Qh2+ 54. Kd1 f3 55. cxb6 Qe2#) 42. Nd2 c5 {Black mates.} 43. Nb1 f5 44. Na3 e4 45. Kd2 Ke5 46. Ke3 f4+ 47. Kd2 g5 48. Kc3 g4 49. Nc2 g3 50. Ne1 f3 51. Nc2 g2 52. Ne3 g1=Q 53. Ng4+ Qxg4 54. Kb3 f2 55. Kc3 Qf3+ 56. Kc2 f1=Q 57. Kd2 Q1e2+ 58. Kc1 Qff1# {Accuracy: White = 35%, Black = 49%.} 0-1

[Event "Stay Safe Play From Home 193"]
[Site "T#646517Emanuel Laske"]
[Date "2020.06.02"]
[Round "7"]
[White "Lazieri3"]
[Black "Toosieslide"]
[Result "1/2-1/2"]
[WhiteElo "2087"]
[BlackElo "2246"]
[Annotator "TA"]
[PlyCount "85"]
[EventDate "2020.06.02"]
[EventType "swiss (blitz)"]

{[%evp 24,85,6,8,16,7,22,11,23,14,42,35,104,42,29,27,27,-7,102,0,106,4,500,506,469,49,60,0,5,0,0,0,0,-115,67,80,115,0,0,0,0,0,0,0,0,0,0,0,0,-2142,0,0,0,0,0,0,0,0,0,0,0,0,0,0]} 1. e4 e5 2. Nc3 Nf6 3. Nf3 Nc6 4. d4 exd4 5. Nxd4 Bb4 6. Nxc6 bxc6 7. Bd3 d5 8. exd5 cxd5 9. O-O O-O 10. Bg5 c6 11. Qf3 h6 12. Bh4 Be7 13. h3 Be6 {C47: Scotch Four Knights and Four Knights with 4 g3.} 14. Rfe1 Rb8 15. b3 Rb4 16. Bg3 Nd7 17. Ne2 Bf6 {[#]} (17... Nc5 $14) 18. Rad1 $146 (18. c3 $16 Rb6 19. Bc2) ({Predecessor:} 18. c3 Rb6 19. Bc2 Re8 20. Nd4 c5 21. Nf5 Nf8 22. Rad1 Bxf5 23. Rxe8 Qxe8 24. Qxf5 Bxc3 25. Qxd5 {½-½ (65) Wierzbicki,J (1804)-Sechting,M (2048) Berlin 2014}) 18... Ne5 $14 19. Bxe5 Bxe5 20. Ng3 Bc3 {[#]} (20... Rf4 $11 {keeps the balance.} 21. Qe3 Bc7) 21. Re2 (21. Bh7+ $1 $16 {[%mdl 512]} Kxh7 22. Qxc3) 21... Re8 {[#]} (21... Qf6 $11) 22. Bf5 (22. Bh7+ $1 $16 {[%mdl 512]} Kxh7 23. Qxc3 {[%mdl 64] Double Attack}) 22... Bxf5 $4 {[%mdl 8192]} (22... Rd4 $1 $11 {and Black stays safe.} 23. Rd3 Rxd3 24. Qxd3 Bxf5 25. Qxc3 Rxe2 26. Nxe2 Qe7) 23. Rxe8+ $18 Qxe8 24. Nxf5 $2 (24. Qxc3 $18 Rf4 25. Nh5 $1 {[%mdl 512]}) 24... Be5 {[#]} 25. Ng3 (25. c4 $1 $14 {[%mdl 512]}) 25... Bxg3 26. Qxg3 $11 {[%mdl 4096] Endgame KQR-KQR} Re4 27. c4 d4 28. c5 (28. Qc7 $11 {remains equal.}) 28... Qe7 $2 ({Better is} 28... Re1+ $17 29. Rxe1 Qxe1+ 30. Kh2 g5) 29. Qd6 $14 Re1+ 30. Rxe1 (30. Kh2 $16) 30... Qxe1+ $16 {KQ-KQ} 31. Kh2 Qxf2 32. Qxc6 Qf4+ 33. Kg1 d3 {And now ...Qe3+ would win.} 34. Qd7 {Threatens to win with Qd8+.} Qe3+ 35. Kh2 d2 36. Qf5 $2 {[%mdl 8192]} (36. Qc8+ $11 Kh7 37. Qf5+ {[%mdl 64] Double Attack} Kg8 38. Qc8+ Kh7 39. Qf5+ {[%mdl 64] Double Attack} Kg8 40. Qc8+) 36... d1=Q $2 ({Black should play} 36... Qg5 $19 37. Qd7 Qe5+ 38. Kh1 Qa1+ 39. Kh2 d1=Q 40. Qc8+ Kh7 41. Qf5+ g6 42. Qxf7+ Qg7) 37. Qc8+ $11 {The position is equal.} Kh7 {[%csl Ge3][%cal Rd1g1]} 38. Qf5+ {[%mdl 64] Double Attack} g6 {[%csl Ge3][%cal Rd1g1]} 39. Qxf7+ {[%mdl 64] Double Attack} Kh8 {[%csl Ge3][%cal Rd1g1]} 40. Qf8+ Kh7 {[%csl Ge3][%cal Rd1g1]} 41. Qf7+ {[%mdl 64] Double Attack} Kh8 {[%csl Ge3][%cal Rd1g1]} 42. Qf8+ Kh7 {[%csl Ge3][%cal Rd1g1]} 43. Qf7+ {[%mdl 64] Double Attack. White used his chance. Accuracy: White = 47%, Black = 46%.} 1/2-1/2

[Event "Stay Safe Play From Home 193"]
[Site "T#646517Emanuel Laske"]
[Date "2020.06.02"]
[Round "7"]
[White "Greblha"]
[Black "Konmos"]
[Result "0-1"]
[WhiteElo "1982"]
[BlackElo "1633"]
[Annotator "TA"]
[PlyCount "100"]
[EventDate "2020.06.02"]
[EventType "swiss (blitz)"]

{[%evp 9,100,-21,2,-8,15,15,135,-25,-11,-35,0,-35,-35,-104,-99,-95,-96,-181,-173,-178,-164,-164,-162,-189,0,-120,0,-154,-125,-182,-121,-166,-114,-140,-138,-232,-231,-804,-79,-85,-75,-107,-78,-93,46,51,106,-109,-116,-145,-111,-106,-50,-45,-47,-101,338,-202,-114,-114,-104,-137,0,-923,-917,-908,-908,-1246,-1236,-1044,-950,-29983,-29984,-29984,-29985,-29987,-29986,-29984,-29977,-29974,-29977,-29978,-29979,-29980,-29981,-29981,-618,-29986,0,-29986,-29979,-29989,-29990]} 1. e4 d5 2. Nc3 dxe4 3. Nxe4 f5 4. Ng3 e5 5. Bc4 Nf6 6. d3 {[#] A00: Irregular Openings.} f4 $146 ({Predecessor:} 6... Bd6 7. Nf3 h6 8. O-O f4 9. Nh5 g6 10. Nxf6+ Qxf6 11. d4 e4 12. Re1 Bf5 {1-0 (40) Mitura,K (2158)-Kamarad,F (1828) Valasska Bystrice 2017}) 7. Ne4 Nxe4 (7... Bd6 $11) 8. dxe4 $2 (8. Qh5+ $16 g6 9. Qxe5+ {[%mdl 64] Double Attack} Qe7 10. Qxe4) 8... Qxd1+ $11 9. Kxd1 Nc6 10. Nf3 Bg4 11. Bb5 (11. c3 $15) 11... Bxf3+ 12. gxf3 O-O-O+ 13. Ke1 (13. Bd2 $17) 13... Nd4 $1 $36 {[%csl LRb5,LRc2,LRf3][%mdl 2112] Double Attack. Keeping White busy.} 14. Bd3 Nxf3+ 15. Ke2 Nd4+ 16. Kd2 Nf3+ (16... Bc5 $19 17. b3 Nc6) 17. Ke2 $17 Nd4+ (17... Ng5 $17 {Threatens to win with ...f3+.} 18. f3 Bc5) 18. Kf1 $2 ({White must play} 18. Kd2 $11) 18... Bc5 19. b3 (19. h4 $17) 19... Nf3 (19... g5 $19 20. Bb2 Rd6) 20. Rb1 Nh4 (20... g5 $19 21. h3 Rhf8) 21. Rg1 g6 22. Rg4 (22. b4 $17 Bb6 23. Be2) 22... Nf3 $19 23. Bb2 $2 (23. Rg2) 23... Rde8 $2 (23... Nxh2+ $19 {is more deadly.} 24. Ke1 Nxg4) 24. Kg2 Nd4 $1 25. Rg5 Nc6 26. Bb5 {[#]} Bd4 (26... f3+ $1 $17 {[%mdl 512]} 27. Kg1 (27. Kxf3 Rhf8+) 27... Rhf8) 27. Bxc6 $14 bxc6 (27... f3+ $14 28. Kxf3 Ref8+ 29. Ke2 Rxf2+ 30. Ke1 Rxc2 31. Bxd4 exd4) 28. Ba3 $2 (28. Bxd4 $16 {is necessary to keep the advantage.} f3+ 29. Kxf3 exd4 30. Re1) 28... Re6 $17 29. Rd1 h6 30. Rg4 g5 (30... c5 $17 {And now ...Ra6 would win.} 31. c3 Bxc3 32. Bxc5 Rd8 33. Rxd8+ Kxd8) 31. h4 Rg6 32. h5 (32. Rd3 $15) 32... Rd6 $2 {[%mdl 8192]} (32... Re6 $17 {and life is bright.} 33. Kf3 c5) 33. Bb4 $4 {[%mdl 8192] [#]} (33. Bxd6 $18 {was the only winning move.} cxd6 34. c3 $1 {[%mdl 512]} Bxc3 35. Rxd6) 33... Re6 (33... Bc5 $1 $19 {[%mdl 512]} 34. Rxd6 (34. Bxc5 Rxd1) 34... cxd6 35. Bxc5 dxc5) 34. c3 Bb6 35. a4 Rd8 ({Black should play} 35... c5 $17 36. Ba3 Rd6 37. Rxd6 cxd6) 36. a5 $2 {[%mdl 8192] Black keeps a firm grip on the game.} (36. Rxd8+ $11 Kxd8 37. a5) 36... Rxd1 $19 37. axb6 axb6 {[%mdl 4096] Endgame KRR-KRB} 38. c4 c5 39. Bc3 Rd3 40. Bxe5 Rxe5 41. f3 Rxb3 42. Kh3 Re6 43. Rg2 Rd6 44. Kg4 Rdd3 45. Kf5 Rxf3 46. e5 Rfe3 47. e6 Re5+ (47... Rbd3 $142 48. Ra2 Rd4 49. Kg4 Rxe6 50. Rg2 Rxc4 51. Rg1 Re3 52. Rf1 f3+ 53. Kf5 Rf4+ 54. Kg6 f2 55. Kg7 Re7+ 56. Kxh6 g4 57. Kg5 {[#]} g3 $1 {[%mdl 512]} 58. Kxf4 g2 59. Rxf2 g1=Q 60. Rg2 Qxg2 61. h6 Rf7+ 62. Ke3 Qg3+ 63. Ke4 Qf3+ 64. Ke5 Qf5#) 48. Kf6 Ree3 $2 (48... Rbe3 {mates} 49. Rf2 f3 50. Rf1 g4 51. Kg7 Rxe6 52. Kh8 g3 53. Ra1 g2 54. Rg1 Re1 55. Kh7 Rxg1 56. Kg7 f2 57. Kg8 f1=Q 58. Kh8 Qf6+ 59. Kh7 Re7+ 60. Kg8 Qg7#) 49. e7 $2 {[%mdl 8192]} (49. Kf5 $11 Rbc3 50. Rf2) 49... Kd7 50. Rd2+ Rbd3 {Accuracy: White = 22%, Black = 39%.} 0-1

[Event "Stay Safe Play From Home 193"]
[Site "T#646517Emanuel Laske"]
[Date "2020.06.02"]
[Round "7"]
[White "Buzaglo"]
[Black "Fischer_11"]
[Result "1-0"]
[WhiteElo "1860"]
[BlackElo "2058"]
[Annotator "NA RC"]
[PlyCount "103"]
[EventDate "2020.06.02"]
[EventType "swiss (blitz)"]

1. d4 {[%emt 0:00:01]} e5 {[%emt 0:00:02]} 2. Nf3 {[%emt 0:00:00]} Nc6 {[%emt 0:00:02]} 3. dxe5 {[%emt 0:00:01]} Qe7 {[%emt 0:00:00]} 4. Nc3 {[%emt 0:00:01]} Nxe5 {[%emt 0:00:00]} 5. Nxe5 {[%emt 0:00:00]} Qxe5 {[%emt 0:00:00]} 6. g3 {[%emt 0:00:00]} Bb4 {[%emt 0:00:02]} 7. Bd2 {[%emt 0:00:02]} Nf6 {[%emt 0:00:01]} 8. Bg2 {[%emt 0:00:01]} d5 {[%emt 0:00:00]} 9. O-O {[%emt 0:00:01]} c6 {[%emt 0:00:01]} 10. a3 {[%emt 0:00:02]} Ba5 {[%emt 0:00:01]} 11. b4 {[%emt 0:00:01]} Bb6 {[%emt 0:00:01]} 12. Na4 {[%emt 0:00:01]} Bc7 {[%emt 0:00:02]} 13. Nc5 {[%emt 0:00:01]} Qe7 {[%emt 0:00:03]} 14. Bg5 {[%emt 0:00:02]} h6 {[%emt 0:00:02]} 15. Be3 {[%emt 0:00:02]} O-O {[%emt 0:00:02]} 16. Nd3 {[%emt 0:00:00]} Ne4 {[%emt 0:00:02]} 17. Bxe4 {[%emt 0:00:03]} Qxe4 {[%emt 0:00:00]} 18. Qd2 {[%emt 0:00:04]} Re8 {[%emt 0:00:03]} 19. Nc5 {[%emt 0:00:03]} Qe7 {[%emt 0:00:04]} 20. Rad1 {[%emt 0:00:04]} Bh3 {[%emt 0:00:00]} 21. Rfe1 {[%emt 0:00:01]} b6 {[%emt 0:00:02]} 22. Nd3 {[%emt 0:00:04]} Qe4 {[%emt 0:00:01]} 23. f3 {[%emt 0:00:04]} Qxe3+ {[%emt 0:00:01]} 24. Qxe3 {[%emt 0:00:00]} Rxe3 {[%emt 0:00:00]} 25. Nf4 {[%emt 0:00:01]} Bxf4 {[%emt 0:00:02]} 26. gxf4 {[%emt 0:00:00]} Rae8 {[%emt 0:00:02]} 27. Kf2 {[%emt 0:00:00]} Bf5 {[%emt 0:00:02]} 28. c4 {[%emt 0:00:01]} Rxa3 {[%emt 0:00:07]} 29. cxd5 {[%emt 0:00:01]} cxd5 {[%emt 0:00:01]} 30. Rxd5 {[%emt 0:00:00]} Be6 {[%emt 0:00:02]} 31. Rd6 {[%emt 0:00:02]} Rc8 {[%emt 0:00:01]} 32. Red1 {[%emt 0:00:04]} Rc2 {[%emt 0:00:01]} 33. R1d2 {[%emt 0:00:01]} Raa2 {[%emt 0:00:01]} 34. Rxc2 {[%emt 0:00:01]} Rxc2 {[%emt 0:00:00]} 35. Rd8+ {[%emt 0:00:00]} Kh7 {[%emt 0:00:02]} 36. Ra8 {[%emt 0:00:00]} Ra2 {[%emt 0:00:01]} 37. f5 {[%emt 0:00:01]} Bxf5 {[%emt 0:00:01]} 38. Kg3 {[%emt 0:00:01]} Be6 {[%emt 0:00:01]} 39. e4 {[%emt 0:00:01]} Ra4 {[%emt 0:00:00]} 40. f4 {[%emt 0:00:00]} g6 {[%emt 0:00:01]} 41. b5 {[%emt 0:00:02]} Ra3+ {[%emt 0:00:01]} 42. Kf2 {[%emt 0:00:01]} Bc4 {[%emt 0:00:00]} 43. e5 {[%emt 0:00:02]} Bxb5 {[%emt 0:00:00]} 44. e6 {[%emt 0:00:00]} Ra2+ {[%emt 0:00:00]} 45. Ke3 {[%emt 0:00:01]} fxe6 {[%emt 0:00:00]} 46. Kd4 {[%emt 0:00:00]} Ra3 {[%emt 0:00:00]} 47. Ke5 {[%emt 0:00:00]} Ra4 {[%emt 0:00:00]} 48. Kd6 {[%emt 0:00:00]} Rxf4 {[%emt 0:00:00]} 49. Ke7 {[%emt 0:00:00]} Rf5 {[%emt 0:00:00]} 50. Rxa7 {[%emt 0:00:01]} Rd5 {[%emt 0:00:00]} 51. Kxe6+ {[%emt 0:00:01]} Kg8 {[%emt 0:00:01]} 52. Kxd5 {[%emt 0:00:01] Zeit (Lag: Av=0.42s, max=1.0s)} 1-0

[Event "Stay Safe Play From Home 193"]
[Site "T#646517Emanuel Laske"]
[Date "2020.06.02"]
[Round "7"]
[White "Grizzzly"]
[Black "Tolka"]
[Result "0-1"]
[WhiteElo "1724"]
[BlackElo "2229"]
[Annotator "TA"]
[PlyCount "104"]
[EventDate "2020.06.02"]
[EventType "swiss (blitz)"]

{[%evp 17,104,-17,14,-35,-31,-63,-33,-18,-25,-92,-54,-52,-40,-428,-24,-701,-45,-109,-72,-100,-10,-25,-25,-10,0,0,0,0,0,0,0,0,0,-54,0,0,0,-38,-8,-8,-8,-8,-10,-16,-18,-18,0,-29,-29,-217,0,0,0,0,0,0,0,0,0,0,0,0,0,0,0,0,0,0,0,-16,-16,-45,-45,-45,-45,-45,-45,-5413,-4752,-5726,-5700,-5570,-5412,-5285,-5243,-5072,-5057,-2883,-2346]} 1. d3 d6 2. Nf3 Nf6 3. Nbd2 g6 4. e4 Bg7 5. g3 O-O 6. Bg2 c5 7. O-O Nc6 8. c3 Rb8 9. Re1 b5 {[%cal Bb7b5,Bb5b4][%mdl 32]} 10. Qe2 {A05: Réti Opening: 1 Nf3 Nf6.} b4 11. e5 Nxe5 (11... Nd5 {with more complications.} 12. c4 Nc7 13. exd6 exd6 14. a3 a5) 12. Nxe5 {Black is slightly better.} dxe5 {[#]} 13. Qxe5 $146 (13. cxb4 $11 {remains equal.} cxb4 14. Nc4) ({Predecessor:} 13. Nb3 Nd7 14. f4 bxc3 15. bxc3 e4 16. d4 cxd4 17. Nxd4 Qa5 18. Nc6 Qc5+ 19. Nd4 Qxc3 {½-½ (51) Villanueva Massardo,D-Ahumada,C (2069) Santiago de Chile 2008}) 13... Bb7 {White must now prevent ...Bxg2.} (13... Bf5 {keeps more tension.} 14. cxb4 Ng4 15. Qe2 Bd4 16. Ne4 Rxb4 17. Rf1 Ne5) 14. Qxe7 Bxg2 15. Kxg2 $4 {[%mdl 8192]} (15. Qxd8 $1 $15 Rfxd8 16. Kxg2) 15... Qxd3 $2 (15... Qd5+ $1 $19 16. Ne4 Rbe8 17. Qxa7 (17. c4 $2 Qc6 $19) 17... Nxe4 18. dxe4 Rxe4) 16. cxb4 $2 {[%mdl 8192]} (16. Qxc5 $11 Nd7 17. Qe3) 16... cxb4 $2 ({Black should play} 16... Rbe8 $19 17. Qxe8 Rxe8 18. Rxe8+ Nxe8 19. bxc5 Bxb2 $1 {[%mdl 576] Deflection} 20. Bxb2 Qxd2) 17. Ne4 (17. Nf3 $15) 17... Qd5 18. Kg1 {[#]} Nxe4 (18... Rfe8 $1 $17 {[%cal Re8e7]} 19. Nxf6+ Bxf6 20. Qxe8+ Rxe8 21. Rxe8+ Kg7) 19. Qxe4 $11 Qxe4 20. Rxe4 Rfd8 {Threatens to win with ...Rd1+.} 21. Bf4 Rb5 22. Rb1 a5 23. b3 Bc3 24. Rc4 Rbd5 25. Bh6 (25. Rc1 $11) 25... Bg7 ({Better is} 25... Bd2 $15 26. f4 Bc3) 26. Bxg7 Kxg7 {[%mdl 4096] Endgame KRR-KRR} 27. a3 Rd1+ (27... bxa3 $5 {[%cal Rd5d1]} 28. Ra4 Rd1+ 29. Rxd1 Rxd1+ 30. Kg2 Ra1 $15) 28. Rxd1 Rxd1+ {KR-KR} 29. Kg2 bxa3 {And now ...a2 would win.} 30. Ra4 Ra1 31. Rxa5 a2 32. b4 Kf6 33. b5 $2 (33. Kf3 $11) 33... h5 $2 (33... Ke5 $19 34. Ra8 Kd5) 34. b6 Rb1 35. Rxa2 Rxb6 36. Re2 Kg7 37. h4 Rf6 38. f3 Rd6 39. Kh3 Kf6 40. g4 Re6 41. g5+ Kf5 42. Rc2 Kf4 43. Rc4+ Kxf3 44. Rc3+ Re3 45. Rc7 Kf4+ 46. Kg2 Kg4 {...Rf3 is the strong threat.} 47. Rxf7 $2 {[%mdl 8192]} (47. Rc4+ $15 Kf5 48. Rc6) 47... Kxh4 $19 {Black is clearly winning.} 48. Rg7 Kxg5 49. Rh7 Re5 50. Kg3 Rf5 51. Kh3 Rf4 52. Kg3 Rg4+ {Accuracy: White = 51%, Black = 63%.} 0-1